000 00324nam a22001457a 4500
008 210312b ||||| |||| 00| 0 eng d
020 _a9780135049266
041 _aeng
080 _25th
_a610.73
082 _25th
_a610.73
100 _a1
101 _aINF
245 _aHigh-Acuity Nursing
_cWanger,D.K
942 _2udc
_cBK
999 _c56601
_d56601